Úcta k vedeckej pravde Ernest Zavarský - sedemdesiatročný

Bibliographic Details
Main Author: Rybarič, Richard, 1930-1989 (Author)
Format: Article
Language:Slovak
PhysicalDescription:Obr. 1.
Subjects:

MARC

LEADER 00000nab a2200000 a 4500
001 vtls000168212
003 SK-MaSNL
005 20260304063424.0
008 250422c1983 xo 0 slo
015 |a SNBRB19rr/mm-uuuuu 
035 |a CL0178323 
035 |a urn:nbn:sk:snk-ab1tdp 
035 |a (urnnbn)urn:nbn:sk:snk:ar-a00wln 
035 |a (uuid)7e62dd99-64ba-4743-9b1b-1548bbd9eb7f 
040 |a SNKBUCL  |b slo  |c SNKBUCL  |e AACR2 
041 0 |a slo 
044 |a xo  |c SK 
080 |a 78.071.2:78.01  |2 1981 
080 |a 78.01  |2 1981 
080 |a 929 Zavarský, Ernest  |2 1981 
100 1 |a Rybarič, Richard,  |d 1930-1989  |4 aut  |9 190994 
245 1 0 |a Úcta k vedeckej pravde  |b Ernest Zavarský - sedemdesiatročný  |c Richard Rybarič 
300 |b Obr. 1. 
600 1 7 |a Zavarský, Ernest,  |d 1913-1995  |2 snkbucl  |9 117873 
655 7 |a profily  |2 snkbucl  |9 341977 
655 7 |a články z novín a časopisov  |2 snkbucl  |9 267496 
773 0 |t Hudobný život  |g Roč. 15, č. 18 (1983), s. 5 
850 |a Slovenská národná knižnica 
852 |a Slovenská národná knižnica 
954 |a odborná, vedecká literatúra pôvodná (slovenská)  |2 lita 
958 |a article27 
958 |a OND 
958 |a BX 
958 |a EUIPO 
992 |a RBX 
999 |c 2742513  |d 2744443